Business Driven Technology (Record no. 4023)

MARC details
005 - DATE AND TIME OF LATEST TRANSACTION
control field 20250614065350.0
020 ## - INTERNATIONAL STANDARD BOOK NUMBER
International Standard Book Number 978-0-07-312368
082 ## - DEWEY DECIMAL CLASSIFICATION NUMBER
Classification number 658.40 HAA
100 ## - MAIN ENTRY--PERSONAL NAME
Author name HAAG, S
245 ## - TITLE STATEMENT
Title Business Driven Technology
250 ## - EDITION STATEMENT
Edition statement 2nd Ed.
260 ## - PUBLICATION, DISTRIBUTION, ETC.
Place of publication, distribution, etc. Boston
Name of publisher, distributor, etc. McGraw-Hill Irwin
Date of publication, distribution, etc. 2008.
300 ## - PHYSICAL DESCRIPTION
Extent 610p.:ill.;diagrams
Other physical details Glossary and Index
Dimensions 28cm
700 ## - ADDED ENTRY--PERSONAL NAME
Other authors/Editors Paige Baltaz
700 ## - ADDED ENTRY--PERSONAL NAME
Other authors/Editors Amy Philips
942 ## - ADDED ENTRY ELEMENTS (KOHA)
Source of classification or shelving scheme Dewey Decimal Classification
Koha item type Books
Holdings
Date last seen Total checkouts Full call number Barcode Cost, replacement price Price effective from Koha item type Lost status Source of classification or shelving scheme Damaged status Not for loan Withdrawn status Home library Current library Shelving location Date acquired Source of acquisition Cost, normal purchase price
06/14/2025   568.40 HAA MZA0001001 150000.00 06/14/2025 Books   Dewey Decimal Classification       CBE Mwanza CBE Mwanza General Collection 07/01/2007 Library Budget 50000.00
06/14/2025   568.40 HAA MZA0001002 150000.00 06/14/2025 Books   Dewey Decimal Classification       CBE Mwanza CBE Mwanza General Collection 07/01/2007 Library Budget 50000.00
06/14/2025   568.40 HAA MZA0001003 150000.00 06/14/2025 Books   Dewey Decimal Classification       CBE Mwanza CBE Mwanza General Collection 07/01/2007 Library Budget 50000.00
06/14/2025   568.40 HAA MZA0001004 150000.00 06/14/2025 Books   Dewey Decimal Classification       CBE Mwanza CBE Mwanza General Collection 07/01/2007 Library Budget 50000.00
06/14/2025   568.40 HAA MZA0001005 150000.00 06/14/2025 Books   Dewey Decimal Classification       CBE Mwanza CBE Mwanza General Collection 07/01/2007 Library Budget 50000.00
06/14/2025   568.40 HAA MZA0001006 150000.00 06/14/2025 Books   Dewey Decimal Classification       CBE Mwanza CBE Mwanza General Collection 07/01/2007 Library Budget 50000.00
06/14/2025   568.40 HAA MZA0001007 150000.00 06/14/2025 Books   Dewey Decimal Classification       CBE Mwanza CBE Mwanza General Collection 07/01/2007 Library Budget 50000.00
06/14/2025   568.40 HAA MZA0001008 150000.00 06/14/2025 Books   Dewey Decimal Classification       CBE Mwanza CBE Mwanza General Collection 07/01/2007 Library Budget 50000.00
06/14/2025   568.40 HAA MZA0001009 150000.00 06/14/2025 Books   Dewey Decimal Classification       CBE Mwanza CBE Mwanza General Collection 07/01/2007 Library Budget 50000.00
06/14/2025   568.40 HAA MZA0001010 150000.00 06/14/2025 Books   Dewey Decimal Classification       CBE Mwanza CBE Mwanza General Collection 07/01/2007 Library Budget 50000.00